000 01047nam a2200133 4500
999 _c533322
_d533322
008 260513b ||||| |||| 00| 0 eng d
100 _aKorada, Pavan and Sen, Raj Shekhar
_960481
245 _aWhat does intelligence excuse?: Chomsky, Epstein, and the ‘necessary illusions’ of the intellectual class
260 _aEconomic & Political Weekly
300 _a61(16), Apr 18, 2026: p.13-17
520 _aNoam Chomsky’s repeated ties to Jeffrey Epstein challenge his moral authority. Chomsky’s defence—which relies on legal formalism and a “clean slate”—contradicts his lifelong critique of systemic power. He fails to recognise the political nature of private predation due to a Cartesian rationalism that privileges abstract intellect over embodied suffering. The article proposes a “resource extraction” model for Chomsky’s legacy: retain his analytical tools but reject the intellectual bewitchment shielding the powerful from accountability. –Reproduced
773 _0Economic & Political Weekly
942 _2ddc
_cAR